| 000 | 00499nam a2200181Ia 4500 | ||
|---|---|---|---|
| 005 | 20250508163413.0 | ||
| 008 | 008 250505s9999 xx 000 0 eng d | ||
| 037 | _aTextual | ||
| 040 |
_aFEDL _beng _cFEDL |
||
| 041 |
_aeng _2eng |
||
| 084 |
_a375.745, BHA _qFEDL |
||
| 100 |
_aBhatia Hans Raj _984373 |
||
| 245 | 0 | _aCraft in education | |
| 260 |
_aBombay, India _bAsia Publishing House _c1962 |
||
| 300 | _ax,195p. | ||
| 942 |
_cTEXL _h375.745, BHA |
||
| 999 |
_c1382872 _d1382872 |
||